000 00507nam a2200193Ia 4500
003 GCL
008 140319s9999 xx 000 0 eng d
040 _aGCL /
_cGCL
082 0 4 _a005.13
_bV C
100 1 _aVAISER, DIDIER
245 1 0 _aC++ FACILE /
_cVAISER, DIDIER
260 _a[S.N] :
_bMARABOUT UNIVERSITE ،
_c1992
300 _a320 P
490 _aMARABOUT
_v0
650 0 4 _aCOMPUTER LANGUAGE
650 0 4 _aC++(COMPUTER PROGRAM LANGUAGE)
650 0 4 _aCOMPUTER - PROGRAMMING
942 _2ddc
_cBK
999 _c22595
_d22595